UBT Library

A guide to the literature of chemistry (Record no. 44958)

000 -LEADER
fixed length control field 00523cam a2200193 4500
001 - CONTROL NUMBER
control field 2165358
005 - DATE AND TIME OF LATEST TRANSACTION
control field 20180314045333.0
008 - FIXED-LENGTH DATA ELEMENTS--GENERAL INFORMATION
fixed length control field 701120s1957 nyu b 001 0 eng
010 ## - LIBRARY OF CONGRESS CONTROL NUMBER
LC control number 57008881
040 ## - CATALOGING SOURCE
Original cataloging agency DLC
Transcribing agency DLC
Modifying agency DLC
041 ## - LANGUAGE CODE
Language code of text/sound track or separate title eng
080 ## - UNIVERSAL DECIMAL CLASSIFICATION NUMBER
Universal Decimal Classification number 016.54
082 00 - DEWEY DECIMAL CLASSIFICATION NUMBER
Classification number 016.54 CRA
100 1# - Rafti
Rafti 12
101 ## - Shkurtesa
Shkurtesa KIM
245 12 - TITLE STATEMENT
Title A guide to the literature of chemistry
Statement of responsibility, etc [by] E. J. Crane, Austin M. Patterson [and] Eleanor B. Marr.
906 ## - LOCAL DATA ELEMENT F, LDF (RLIN)
a 7
b cbc
c orignew
d u
e ncip
f 19
g y-gencatlg
942 ## - ADDED ENTRY ELEMENTS (KOHA)
Source of classification or shelving scheme
Item type Books
Holdings
Withdrawn status Lost status Source of classification or shelving scheme Damaged status Not for loan Collection code Permanent location Current location Shelving location Date acquired Total Checkouts Full call number Barcode Date last seen Price effective from Koha item type
          Koleksioni i përgjithshem UBT - Lipjan UBT - Lipjan Koleksioni i lëndeve mesimore 03/14/2018   016.54 CRA 002-3002145 03/14/2018 03/14/2018 Books
UBT Library © 2015-2024. All rights reserved University Education for Business and Technology